Les 10 plus beaux buts de payet - Statistiques

Statistiques générales
  • Ce quiz a été pris 15 fois
  • Le résultat moyen est 3 sur 10
Statistiques - réponses
Classement equipe adverse % Correct
3 RB Leipzig
67%
9 LOSC
47%
4 Roumanie
47%
7 Lorient
33%
1 PAOK
33%
8 Aston Villa
27%
2 Crystal Palace
13%
6 Guingamp
13%
5 Blackburn
0%
10 Middlesbrough
0%
Aucun quiz correspondant
Distribution des résultats
% des personnes avec chaque résultat
Percentile par nombre de réponses
Votre historique - résultats
Vous n’avez pas pris ce quiz